000 00853nam a2200253Ia 4500
003 OSt
005 20220923214216.0
006 a|||||r|||| 00| 0
007 ta
008 220922b |||||||| |||| 00| 0 hin d
024 _a167,934
037 _cTextual
040 _aARTS
_cARTS
_bhin
041 _2hin
_ahin
082 _aO152,1LTO,1:g, K5
100 _aमाथुर, सुरेंद्र, संपा.
245 0 _aकवि तोष और सुधानिधि
246 _aKavi toṣh aur sudhānidhi
260 _c1965
490 _aनागरीप्रचारिणी ग्रंथमाला; 59
650 _aहिन्दी साहित्य
_9156264
942 _hO152,1LTO,1:g, K5
_cTEXL
_2CC
999 _c322404
_d322404